=LDR 00000nam 2200000 4500 =001 INLIS000000000053002 =005 20180321093349 =035 ##$$a 0010-0318000229 =007 ta =008 180321###########################0###### =020 ##$$a 978-979-27-9478-6 =082 ##$$a 899.221 3 =084 ##$$a 899.221 3 LOO s =100 #$$a Loockwoodn, Cara =245 1#$$a Semua setan punya masanya : $b Every demon has his day /$c Loockwoodn, Cara =260 ##$$a Jakarta :$b Elex Media Kumputindo,$c 2009 =300 ##$$a 338 hlm : $b ilus ; $c 20 cm =650 ##$$a Piksi Indonesia =990 ##$$a 63076307 =990 ##$$a 63076307 =990 ##$$a 63076307 =990 ##$$a 63076307 =990 ##$$a 63076307 =990 ##$$a 21710931 =990 ##$$a 01201806307 =990 ##$$a 01201806308 =990 ##$$a 01201806309 =990 ##$$a 01201806310 =990 ##$$a 21710932 =990 ##$$a 01201806307 =990 ##$$a 01201806308 =990 ##$$a 01201806309 =990 ##$$a 21710931 =990 ##$$a 21710932 =990 ##$$a 01201806307 =990 ##$$a 01201806308 =990 ##$$a 01201806309 =990 ##$$a 21710931 =990 ##$$a 21710933 =990 ##$$a 01201806307 =990 ##$$a 01201806308 =990 ##$$a 21710932 =990 ##$$a 21710931 =990 ##$$a 21710934 =990 ##$$a 01201806307 =990 ##$$a 21710933 =990 ##$$a 21710932 =990 ##$$a 21710931